| 000 | 00735cab a2200277 4500 | ||
|---|---|---|---|
| 001 | ABS43539 | ||
| 008 | 090401t1990 xxu||||| |||| 00| 0 eng d | ||
| 035 | _a(Sirsi) u42273 | ||
| 041 | _aeng | ||
| 100 | _aO`Leary, M. | ||
| 245 | _aCopyright implications for architects and developers | ||
| 260 | _c1990 | ||
| 350 | _a0 | ||
| 490 |
_aEstates Gazette _v(9041) 13 October 1990, 60(1) |
||
| 520 | _aExamines the relevance of Copyright, Designs and Patents Act 1988 for architects and developers . | ||
| 650 | _aARTISTIC WORK | ||
| 650 | _aCOPYRIGHT | ||
| 650 | _aDESIGNS | ||
| 650 | _aDIAGRAMS | ||
| 650 | _aGRAPHIC WORK | ||
| 650 | _aMAPS | ||
| 650 | _aPLANS | ||
| 690 | _aLAW | ||
| 942 | _n0 | ||
| 948 | _c04/03/1997 | ||
| 999 |
_c27144 _d27144 |
||